[Event "Olympiad-44"]
[Site "Chennai"]
[Date "2022.07.31"]
[Round "3.4"]
[White "Mafnas, Peter"]
[Black "Nxumalo, Vuyo"]
[Result "0-1"]
[WhiteElo "2039"]
[BlackElo "1493"]
[PlyCount "60"]
[EventDate "2022.07.29"]
[EventType "team-swiss"]
[EventRounds "11"]
[EventCountry "IND"]
[SourceTitle "CBM 210"]
[Source "ChessBase"]
[SourceDate "2022.10.31"]
[SourceVersion "1"]
[SourceVersionDate "2022.10.31"]
[SourceQuality "1"]
[WhiteTeam "Guam"]
[BlackTeam "Eswatini"]
[WhiteTeamCountry "GMA"]
[BlackTeamCountry "SWA"]

1. d4 Nf6 2. c4 g6 3. Nf3 Bg7 4. g3 d6 5. Bg2 0-0 6. Nc3 Nbd7 7. 0-0 Re8 8. b3 c6 9. Bb2 e5 10. e3 e4 11. Nd2 d5 12. Rc1 Nf8 13. cxd5 cxd5 14. Nb5 Ne6 15. Qc2 Re7 16. Ba3 Rd7 17. Nc3 Rc7 18. Qb2 a6 19. Na4 b5 20. Rxc7 Qxc7 21. Rc1 Qd8 22. Nc5 Rb8 23. Nxe6 Bxe6 24. Bc5 Nd7 25. Bd6 Rc8 26. b4 Nb6 27. Rxc8 Qxc8 28. Bc5 Nc4 29. Qc3 Bh3 30. Nxc4 bxc4 0-1

[Event "Olympiad-43"]
[Site "Batumi"]
[Date "2018.09.25"]
[Round "2.2"]
[White "Bullen, Alex"]
[Black "Nxumalo, Vuyo"]
[Result "1-0"]
[WhiteElo "2098"]
[BlackElo "1525"]
[PlyCount "187"]
[EventDate "2018.09.24"]
[EventType "team-swiss"]
[EventRounds "11"]
[EventCountry "GEO"]
[SourceTitle "CBM 187"]
[Source "ChessBase"]
[SourceDate "2018.12.11"]
[SourceVersion "1"]
[SourceVersionDate "2018.12.11"]
[SourceQuality "1"]
[WhiteTeam "Wales"]
[BlackTeam "Swaziland"]
[WhiteTeamCountry "WLS"]
[BlackTeamCountry "SWA"]

1. d4 Nf6 2. Nf3 g6 3. Nbd2 d5 4. b4 Bg7 5. e3 c6 6. c4 a5 7. b5 cxb5 8. cxb5 b6 9. a4 0-0 10. Ba3 Bb7 11. Be2 Nbd7 12. 0-0 Re8 13. Rc1 Nf8 14. Ne5 Ne6 15. Ndf3 Ne4 16. Nc6 Bxc6 17. bxc6 Nc7 18. Qb3 Rb8 19. Rc2 e6 20. Ne5 Bxe5 21. dxe5 f5 22. f3 Nc5 23. Bxc5 bxc5 24. Qc3 c4 25. Qxa5 Ra8 26. Qb4 Qe7 27. Qd6 Kf7 28. Rb2 Red8 29. Qxe7+ Kxe7 30. Rb7 Rdc8 31. Bd1 Ra6 32. Bc2 Rxc6 33. Rfb1 Ra6 34. f4 Kd7 35. Kf2 Rca8 36. Ke2 R6a7 37. Rxa7 Rxa7 38. Kd2 Kc6 39. Kc3 Na6 40. a5 Rb7 41. Ba4+ Kc7 42. Rxb7+ Kxb7 43. Kd4 Kc7 44. g4 Nb4 45. gxf5 gxf5 46. Kc5 Nd3+ 47. Kd4 Nf2 48. a6 Ne4 49. Bc2 Nd2 50. h3 Kb6 51. Ba4 Ne4 52. Be8 c3 53. Kd3 Kxa6 54. Kc2 Kb6 55. Bf7 Nc5 56. Kxc3 Kc6 57. Kd4 Nb3+ 58. Kc3 Nc5 59. Be8+ Nd7 60. Kd4 Kc7 61. Bf7 Nf8 62. Kc5 Kd7 63. Bh5 Ke7 64. Kc6 h6 65. Be2 Ng6 66. Kc5 Nh4 67. Bh5 Ng2 68. Kd4 Kf8 69. Kd3 Kg7 70. Be8 Kf8 71. Bh5 Kg7 72. Ke2 Nh4 73. Kf2 Ng6 74. Kg3 Kh7 75. Be2 Nf8 76. Bb5 Kg7 77. Kh4 Ng6+ 78. Kh5 Nf8 79. Be8 Kh7 80. Kh4 Kg7 81. Kg3 Kh7 82. h4 Kg7 83. h5 Nh7 84. Kf2 Kf8 85. Bg6 Kg7 86. Ke2 Nf8 87. Be8 Nh7 88. Kd3 Nf8 89. Kd4 Kg8 90. Kc5 Kg7 91. Kd6 Kg8 92. Ke7 Kg7 93. Bf7 Nh7 94. Bxe6 1-0